Statistics for Melbourne Train Stations

Click here to take the quiz!

General Stats

  • This quiz has been taken 90 times
  • The average score is 126 of 222

Answer Stats

HintAnswer% Correct
Sandringham Line
Cross-City Group
Dandenong Group
Burnley Group
Richmond
99%
CityFlinders Street
97%
CitySouthern Cross
97%
CityMelbourne Central
96%
CityFlagstaff
94%
CityParliament
93%
Sandringham LineSandringham
90%
Burnley GroupBurnley
86%
Burnley GroupEast Richmond
86%
Cross-City Group
Northern Group
Footscray
86%
Cross-City Group
Northern Group
North Melbourne
86%
Sandringham Line
Cross-City Group
Dandenong Group
South Yarra
86%
Dandenong GroupDandenong
84%
Cross-City Group
Stony Point Line
Frankston
81%
Dandenong GroupPakenham
81%
Burnley GroupBox Hill
80%
Burnley GroupRingwood
80%
Clifton Hill GroupClifton Hill
79%
Burnley GroupBelgrave
77%
Burnley GroupLilydale
77%
Northern GroupUpfield
77%
Northern GroupWest Footscray
77%
Cross-City GroupWerribee
76%
Burnley GroupGlen Waverly
74%
Clifton Hill GroupMernda
74%
Stony Point LineStony Point
74%
Cross-City Group
Dandenong Group
Toorak
74%
Cross-City Group
Dandenong Group
Caulfield
73%
Clifton Hill GroupHurstbridge
73%
Cross-City GroupSouth Kensington
73%
Northern GroupSunbury
73%
Cross-City GroupAltona
71%
Sandringham LineBrighton Beach
71%
Burnley GroupCamberwell
71%
Dandenong GroupCranbourne
71%
Cross-City Group
Dandenong Group
Malvern
71%
Clifton Hill GroupNorth Richmond
71%
Clifton Hill GroupPreston
71%
Cross-City GroupWilliamstown
71%
Burnley GroupAlamein
70%
Northern GroupCoburg
70%
Clifton Hill GroupCollingwood
70%
Northern GroupKensington
70%
Clifton Hill GroupWest Richmond
70%
Dandenong GroupClayton
69%
Cross-City GroupNewport
69%
Flemington Racecourse LineShowgrounds
69%
Burnley GroupFerntree Gully
67%
Northern GroupBrunswick
66%
Clifton Hill GroupJolimont
66%
Dandenong GroupOfficer
66%
Burnley GroupTecoma
66%
Northern GroupWatergardens
66%
Flemington Racecourse LineFlemington Racecourse
64%
Clifton Hill GroupMerri
64%
Northern GroupMiddle Footscray
64%
Northern GroupSunshine
64%
Burnley GroupUpper Ferntree Gully
64%
Clifton Hill GroupVictoria Park
64%
Cross-City Group
Dandenong Group
Armadale
63%
Clifton Hill GroupBell
63%
Northern GroupBroadmeadows
63%
Cross-City GroupChelsea
63%
Northern GroupEssendon
63%
Burnley GroupHawthorn
63%
Dandenong GroupOakleigh
63%
Cross-City GroupAircraft
61%
Burnley GroupBlackburn
61%
Clifton Hill GroupEpping
61%
Burnley GroupGlenferrie
61%
Cross-City GroupLaverton
61%
Sandringham LineMiddle Brighton
61%
Dandenong GroupNoble Park
61%
Cross-City GroupSpotswood
61%
Dandenong GroupSpringvale
61%
Burnley GroupBoronia
60%
Cross-City GroupHoppers Crossing
60%
Dandenong GroupNarre Warren
60%
Sandringham LineNorth Brighton
60%
Northern GroupRoyal Park
60%
Clifton Hill GroupSouth Morang
60%
Burnley GroupSurrey Hills
60%
Dandenong GroupWestall
60%
Cross-City GroupYarraville
60%
Cross-City GroupCarrum
59%
Burnley GroupEast Malvern
59%
Clifton Hill GroupEltham
59%
Cross-City GroupNorth Williamstown
59%
Northern GroupSt Albans
59%
Northern GroupTottenham
59%
Cross-City GroupWestona
59%
Cross-City GroupWilliamstown Beach
59%
Cross-City GroupBonbeach
57%
Dandenong GroupCarnegie
57%
Dandenong GroupHuntingdale
57%
Cross-City GroupMentone
57%
Burnley GroupMont Albert
57%
Burnley GroupRingwood East
57%
Burnley GroupSyndal
57%
Northern GroupAlbion
56%
Burnley GroupAshburton
56%
Sandringham LineBalaclava
56%
Dandenong GroupBeaconsfield
56%
Cross-City GroupBentleigh
56%
Cross-City GroupCheltenham
56%
Burnley GroupEast Camberwell
56%
Cross-City GroupEdithvale
56%
Northern GroupMoonee Ponds
56%
Sandringham LinePrahran
56%
Dandenong GroupSandown Park
56%
Sandringham LineWindsor
56%
Dandenong GroupBerwick
54%
Northern GroupDiggers Rest
54%
Cross-City Group
Dandenong Group
Hawksburn
54%
Burnley GroupKooyong
54%
Cross-City GroupMoorabbin
54%
Cross-City GroupMordialloc
54%
Burnley GroupMount Waverly
54%
Clifton Hill GroupReservoir
54%
Cross-City GroupSeaholme
54%
Cross-City GroupSouthland
54%
Northern GroupAscot Vale
53%
Cross-City GroupGlenhuntly
53%
Burnley GroupGlen Iris
53%
Dandenong GroupHallam
53%
Sandringham LineHampton
53%
Burnley GroupLaburnum
53%
Dandenong GroupMerinda Park
53%
Burnley GroupMitcham
53%
Dandenong GroupMurrumbeena
53%
Cross-City GroupSeddon
53%
Cross-City GroupWilliams Landing
53%
Dandenong GroupYarraman
53%
Burnley GroupAuburn
51%
Burnley GroupCanterbury
51%
Burnley GroupCroydon
51%
Sandringham LineElsternwick
51%
Northern GroupFlemington Bridge
51%
Northern GroupJacana
51%
Northern GroupJewell
51%
Northern GroupKeilor Plains
51%
Clifton Hill GroupNorthcote
51%
Burnley GroupNunawading
51%
Northern GroupBatman
50%
Stony Point LineBaxter
50%
Burnley GroupBayswater
50%
Dandenong GroupCardinia Road
50%
Northern GroupFawkner
50%
Northern GroupGinifer
50%
Clifton Hill GroupGreensborough
50%
Clifton Hill GroupHeidelberg
50%
Dandenong GroupHughesdale
50%
Dandenong GroupLynbrook
50%
Northern GroupMacaulay
50%
Cross-City GroupParkdale
50%
Sandringham LineRipponlea
50%
Burnley GroupUpwey
50%
Cross-City GroupAspendale
49%
Burnley GroupGardiner
49%
Cross-City GroupSeaford
49%
Burnley GroupDarling
47%
Clifton Hill GroupDiamond Creek
47%
Cross-City GroupKananook
47%
Northern GroupMoreland
47%
Northern GroupNewmarket
47%
Cross-City GroupOrmond
47%
Clifton Hill GroupThomastown
47%
Clifton Hill GroupWattle Glen
47%
Burnley GroupChatham
46%
Northern GroupGlenroy
46%
Burnley GroupHeathmont
46%
Northern GroupCragieburn
44%
Clifton Hill GroupFairfield
44%
Northern GroupGowrie
44%
Cross-City GroupHighett
44%
Burnley GroupJordanville
44%
Burnley GroupMooroolbark
44%
Clifton Hill GroupRosanna
44%
Northern GroupCoolaroo
43%
Clifton Hill GroupCroxton
43%
Clifton Hill GroupDennis
43%
Sandringham LineGardenvale
43%
Stony Point LineHastings
43%
Burnley GroupHeatherdale
43%
Burnley GroupHolmesglen
43%
Cross-City GroupMcKinnon
43%
Cross-City GroupPatterson
43%
Burnley GroupRiversdale
43%
Clifton Hill GroupWestgarth
43%
Burnley GroupBurwood
41%
Stony Point LineCrib Point
41%
Clifton Hill GroupLalor
41%
Clifton Hill GroupMiddle Gorge
41%
Burnley GroupTooronga
41%
Northern GroupAnstey
40%
Burnley GroupHartwell
40%
Clifton Hill GroupHawkstowe
40%
Clifton Hill GroupIvanhoe
40%
Northern GroupPascoe Vale
40%
Clifton Hill GroupRushall
40%
Northern GroupStrathmore
40%
Clifton Hill GroupWatsonia
40%
Clifton Hill GroupAlphington
39%
Northern GroupGlenbervie
39%
Burnley GroupHeyington
39%
Stony Point LineLeawarra
39%
Northern GroupRoxburgh Park
39%
Clifton Hill GroupThornbury
39%
Burnley GroupWillison
39%
Clifton Hill GroupEaglemont
36%
Clifton Hill GroupKeon Park
36%
Northern GroupOak Park
36%
Clifton Hill GroupMacleod
34%
Clifton Hill GroupRegent
34%
Clifton Hill GroupRuthven
34%
Northern GroupMerlynston
33%
Clifton Hill GroupDarebin
31%
Clifton Hill GroupMontmorency
31%
Stony Point LineTyabb
27%
Stony Point LineBittern
24%
Stony Point LineSomerville
23%
Stony Point LineMorradoo
21%

Score Distribution

Percentile by Number Answered

Percent of People with Each Score

Your Score History

You have not taken this quiz